Số liệu kinh tế-xã hội 12 tỉnh đồng bằng Sông Cửu Long 1995-1999
Bewaard in:
| Coauteur: | |
|---|---|
| Formaat: | Boek |
| Taal: | Undetermined |
| Gepubliceerd in: |
Cần Thơ
Cục thống kê
2000
|
| Onderwerpen: | |
| Tags: |
Voeg label toe
Geen labels, Wees de eerste die dit record labelt!
|
| Thư viện lưu trữ: | Trung tâm Học liệu Trường Đại học Cần Thơ |
|---|
| LEADER | 00613nam a2200181Ia 4500 | ||
|---|---|---|---|
| 001 | CTU_38345 | ||
| 008 | 210402s9999 xx 000 0 und d | ||
| 082 | |a 330.02 | ||
| 082 | |b C506/2000 | ||
| 110 | |a Cục thống kê Cần Thơ | ||
| 245 | 0 | |a Số liệu kinh tế-xã hội | |
| 245 | 0 | |b 12 tỉnh đồng bằng Sông Cửu Long 1995-1999 | |
| 245 | 0 | |c Cục thống kê Cần Thơ | |
| 260 | |a Cần Thơ | ||
| 260 | |b Cục thống kê | ||
| 260 | |c 2000 | ||
| 650 | |a statistics,vietnam - statistics,yearbooks | ||
| 980 | |a Trung tâm Học liệu Trường Đại học Cần Thơ | ||